[Event "IND-ch U13 Girls 29th"]
[Site "Gurgaon"]
[Date "2015.08.31"]
[Round "2"]
[White "Neha, Srinibash D"]
[Black "Makhija, Aashna"]
[Result "0-1"]
[WhiteElo "1435"]
[BlackElo "1671"]
[PlyCount "60"]
[EventDate "2015.08.30"]
[EventType "swiss"]
[EventRounds "11"]
[EventCountry "IND"]
[SourceTitle "EXT 2016"]
[Source "ChessBase"]
[SourceDate "2015.10.08"]
[SourceVersion "1"]
[SourceVersionDate "2015.10.08"]
[SourceQuality "1"]

1. e4 e6 2. d4 d5 3. exd5 exd5 4. Bd3 Bd6 5. c3 Nc6 6. Nf3 Bg4 7. 0-0 Nge7 8. h3 Bh5 9. Re1 Qd7 10. Nbd2 0-0-0 11. b4 Rde8 12. Nb3 a6 13. b5 Nd8 14. Nc5 Bxc5 15. dxc5 Ng6 16. Bd2 Rxe1+ 17. Bxe1 Nf4 18. Bf1 Nde6 19. Qa4 Bxf3 20. gxf3 Kb8 21. c6 Qd6 22. Rd1 Ng5 23. Bg2 Qg6 24. Kh1 Nge6 25. Bf1 Qh5 26. Rd2 Qxf3+ 27. Kg1 Nc5 28. Qc2 Ne4 29. Bd3 Ng5 30. Qa4 Ngxh3+ 0-1